Music in India (Record no. 10520)

MARC details
000 -LEADER
fixed length control field 00617nam a2200241 a 4500
020 ## - INTERNATIONAL STANDARD BOOK NUMBER
ISBN 8185054
082 00 - DEWEY DECIMAL CLASSIFICATION NUMBER
Classification number 780.0954
Author Cutter WADE
100 ## - MAIN ENTRY--AUTHOR NAME
Author name Wade, Bonnie C
245 ## - TITLE STATEMENT
Title Music in India
Sub title the Classical Traditions
260 ## - PUBLICATION, DISTRIBUTION, ETC. (IMPRINT)
Place of publication Delhi
Name of publisher Manohar Pub.
Year of publication 1997
300 ## - PHYSICAL DESCRIPTION
Number of Pages 252p
500 ## - GENERAL NOTE
General note includes index and biblioraphy
505 2# - FORMATTED CONTENTS NOTE
Formatted contents note women bhakta peots, nos.50-52
650 ## - SUBJECT ADDED ENTRY--TOPICAL TERM
Topical Term Music-India
942 ## - ADDED ENTRY ELEMENTS (KOHA)
Koha item type Books
700 1# -
-- Wade, Bonnie C
Holdings
Collection code Home library Current library Date acquired Cost, normal purchase price Full call number Accession Number Koha item type
  Henry Martyn Institute Library Henry Martyn Institute Library 06/14/2007 350.00 780.0954 WADE 017903 Books
                   Copyright © 2026 | Henry Martyn Institute | Hyderabad | TS-500052 | INDIA | Implemented by hmi.edu.in
Hit-Count:

Powered by Koha